Κατάλογος Βιβλιοθηκών Mediterranean College

Γενική Λογιστική / Έννοιες, Αρχές και Τεχνικές για τη Μελέτη της Σύγχρονης Λογιστικής (Χειρόγραφης και με Η/Υ), Σύμφωνα και με το Ε. Γ. Λ. Σ. και τον Κ. Β. Σ. με Παραδείγματα και Ασκήσεις (Record no. 5117)

MARC details
000 -LEADER
fixed length control field 02143cam a22002054a 4500
005 - ΗΜΕΡΟΜΗΝΙΑ ΚΑΙ ΩΡΑ ΤΕΛΕΥΤΑΙΑΣ ΕΝΗΜΕΡΩΣΗΣ
Πεδίο ελέγχου 20250605163452.0
008 - FIXED-LENGTH DATA ELEMENTS--GENERAL INFORMATION
Πεδίο ελέγχου σταθερού μήκους 250528s ||||||||||||||||||||||||d
035 ## - SYSTEM CONTROL NUMBER
System control number 19874
020 ## - ISBN
ISBN 9602864036
040 ## - ΠΗΓΗ ΚΑΤΑΛΟΓΟΓΡΑΦΗΣΗΣ
Φορέας πρωτότυπης καταλογογράφησης MC Athens Campus Library
Γλώσσα καταλογογράφησης Ελληνικά, Μοντέρνα (1453-)
Modifying agency MC Athens Campus Library
Κανόνες περιγραφικής καταλογογράφησης AACR2
245 1# - ΤΙΤΛΟΣ ΚΑΙ ΔΗΛΩΣΗ ΥΠΕΥΘΥΝΟΤΗΤΑΣ
Τίτλος Γενική Λογιστική / Έννοιες, Αρχές και Τεχνικές για τη Μελέτη της Σύγχρονης Λογιστικής (Χειρόγραφης και με Η/Υ), Σύμφωνα και με το Ε. Γ. Λ. Σ. και τον Κ. Β. Σ. με Παραδείγματα και Ασκήσεις
250 ## - EDITION STATEMENT
Edition statement
260 ## - PUBLICATION, DISTRIBUTION, ETC.
Name of publisher, distributor, etc. Έλλην,
Date of publication, distribution, etc. 1999
300 ## - PHYSICAL DESCRIPTION
Extent 520
520 ## - SUMMARY, ETC.
Summary, etc. Εισαγωγή στη Λογιστική, Περιουσία - Απογραφή - Ισολογισμός, Οι Μεταβολές των Περιουσιακών Στοιχείων και η Παρακολούθηση τους με Διαδοχικούς Ισολογισμούς, Οι Μεταβολές των Περιουσιακών Στοιχείων και η Παρακολούθηση τους με Διαδοχικούς Ισολογισμούς, Οι Λογαριασμοί, Τα Λογιστικά Στοιχεία στα Βιβλία, Τα Λογιστικά Σφάλματα και η Διόρθωση τους, Διάκριση των Λογαριασμών Ανάλογα με τη Φύση ή το Περιεχόμενο τους, Έννοια και Λειτουργία των Λογαριασμών του Ε.Γ.Λ.Σ., Αποτίμηση των Πειουσιακών Στοιχείων, Λογιστικές Μέθοδοι και Συστήματα, Λογιστική των Υποκαταστημάτων, Λογαριασμοί Τάξεως, Στοιχεία Αναλυτικής Λογιστικής Εκμετάλλευσης, Στοιχεία Διοικητικής Λογιστικής, Μηχανογραφική Τήρηση Βιβλίων και Στοιχείων, Γενικές Ασκήσεις, Παράρτημα.
700 1# - ΠΡΟΣΘΕΤΗ ΑΝΑΓΡΑΦΗ--ΦΥΣΙΚΟ ΠΡΟΣΩΠΟ
Personal name Κοντάκος Αριστοτέλης Γ
942 ## - ADDED ENTRY ELEMENTS (KOHA)
Koha item type Books
Holdings
Τύπος τεκμηρίου Βιβλιοθήκη Τρέχουσα τοποθεσία Barcode Αριθμός εισαγωγής Ημερομηνία απόκτησης Ταξιθετικό σύμβολο Αριθμός αντιτύπου Κατάσταση απόσυρσης Κατάσταση χαμένου Κατάσταση κατεστραμμένου Μη δανεισμός Σύνολο δανεισμών Ημερομηνία τελευταίας εμφάνισης Η τιμή ισχύει από
Books MC Athens Campus Library MC Athens Campus Library 9780000051165 6034 05/06/2025 657 ΚΟΝ 1           05/06/2025 05/06/2025

MC Athens Campus Library
Πατησίων 94 & Κοδριγκτώνος 13, 104 34
Πελλήνης 8 & Πατησίων 107, 112 51
Τ: +30 210 8899600

MC Thessaloniki Campus Library
Ίωνος Δραγούμη 21, 54625 | Ίωνος Δραγούμη 15, 54625
Τ: +30 2310 287779 – Τ: +30 2314 440300